| 000 | 00413cam a2200157ua 4500 | ||
|---|---|---|---|
| 041 |
_aeng _h |
||
| 082 |
_a664.07 _bNIC/AI |
||
| 100 | _aNicholls, John Ralph . | ||
| 245 |
_aAids to the Analysis of food and drugs / _cJohn Ralph Nicholls. _hTextual Documents |
||
| 250 |
_a7 / _b. |
||
| 260 |
_a : _bBailliere Tindall and cox , _c1952. |
||
| 300 | _a516 ; . | ||
| 504 | _a | ||
| 942 | _cBK | ||
| 999 |
_c758 _d758 |
||